000 00423nam a2200145Ia 4500
008 090122s9999 xx 000 0 und d
082 _b3539
_a954
100 _aनायक
_bश्रीकांत
_cविष्णू
245 _aकाश्मीर - 1947
600 _aनायक
630 _aकाश्मीर - 1947
700 _aनायक
730 _aकाश्मीर - 1947
942 _cBOOK
999 _c27617
_d27617